Vista normal
Vista MARC
Entrada Topical Term
Número de registros utilizados en: 2
001 - CONTROL NUMBER
- control field: 64269
003 - CONTROL NUMBER IDENTIFIER
- control field: OSt
005 - DATE AND TIME OF LATEST TRANSACTION
- control field: 20250828200008.0
008 - FIXED-LENGTH DATA ELEMENTS
- fixed length control field: 250828|| aca||aabn | a|a d
040 ## - CATALOGING SOURCE
- Original cataloging agency: OSt
- Transcribing agency: OSt
150 ## - HEADING--TOPICAL TERM
- Topical term or geographic name entry element: Animales Marinos - Libros Ilustrados Para Niños
670 ## - SOURCE DATA FOUND
- Source citation: Work cat.: (OSt)58870: Hughes, Catherine D aut 64267, Mi primer gran libro del océano /